| 000 | 00000cam 2200000zi 4500 |
| 001 | 9.961864 |
| 003 | CaOODSP |
| 005 | 20260603161120 |
| 006 | m o d f |
| 007 | cr cn |||||||| |
| 008 | 260413t20262026onc ob f000 0 fre d |
| 020 | |a9780660995205 |
| 040 | |aCaOODSP|bfre|erda|cCaOODSP |
| 043 | |an-cn--- |
| 086 | 1 |aBT48-61/2026F-PDF |
| 245 | 00|aGuide sur les responsabilités ministérielles en matière d'IA. |
| 246 | 3 |aGuide sur les responsabilités ministérielles en matière d'intelligence artificielle |
| 264 | 1|aOttawa, Ontario : |bSecrétariat du Conseil du trésor du Canada = Treasury Board of Canada Secretariat, |c2026. |
| 264 | 4|c©2026 |
| 300 | |a1 ressource en ligne (12 pages) |
| 336 | |atexte|btxt|2rdacontent/fre |
| 337 | |ainformatique|bc|2rdamedia/fre |
| 338 | |aressource en ligne|bcr|2rdacarrier/fre |
| 500 | |aPublié aussi en anglais sous le titre : Guide on departmental AI responsibilities. |
| 500 | |a« Publié : le 2026-01-19. » |
| 504 | |aComprend des références bibliographiques (page 11). |
| 650 | 6|aIntelligence artificielle|xPolitique gouvernementale|zCanada. |
| 710 | 1 |aCanada. |bConseil du trésor, |eorganisme de publication. |
| 775 | 08|tGuide on departmental AI responsibilities.|w(CaOODSP)9.961865 |
| 856 | 40|qPDF|s863 Ko|uhttps://publications.gc.ca/collections/collection_2026/sct-tbs/BT48-61-2026-fra.pdf |
| 856 | 4 |qHTML|sS.O.|uhttps://www.canada.ca/fr/gouvernement/systeme/gouvernement-numerique/innovations-gouvernementales-numeriques/guide-responsabilites-ministerielles-matiere-ia.html |